• 首页
  • 本馆介绍
  • 公告通知
  • 最新文献
  • 馆藏检索
  • 电子资源
  • 读者导购
  • 参考咨询
  • 我的图书馆
  • 登录
  • 详细信息显示
  • 放入我的书架
  • 预约/预借图书
  • 作者相关作品
  • 分类相关作品
  • 丛书相关作品
  • 出版社相关作品

书目信息

  • 表格格式
  • 工作单格式
  • 卡片格式
题名:
宝贝,和妈妈约定不让自己受伤害
    
 
作者: 布童 编著
分册:  
出版信息: 北京   中国文联出版社  2015
页数: 214页
开本: 23cm
丛书名:
单 册:
中图分类: X925-49
科图分类:
主题词: 安全教育--儿童读物
电子资源:
ISBN: 978-7-5059-9042-5
000 00834nam0 2200229 450
001 012001002799
005 20140926114740.0
010    @a978-7-5059-9042-5@dCNY32.00
100    @a20151101d2015 em y0chiy50 ea
101 0  @achi
102    @aCN@b110000
105    @ay z 000yy
106    @ar
200 1  @a宝贝,和妈妈约定不让自己受伤害@9bao bei,he ma ma yue ding bu rang zi ji shou shang hai@f布童编著
210    @a北京@c中国文联出版社@d2015
215    @a214页@d23cm
330    @a本书通过一些实际案例,介绍了一些简单有效的预防措施和自救办法,告诉孩子们如何应对危险事件,帮助孩子们理解可能发生危险的行为和状况,轻松掌握生活中的急救方法,做自己的“安全小卫士”。
606 0  @a安全教育@j儿童读物
690    @aX925-49@v5
701  0 @a布童@9bu tong@4编著
801  0 @aCN@b上海新华@c20180901
905    @b1158649-53@dX925-49@e46@f5
    
    宝贝,和妈妈约定不让自己受伤害/布童编著.-北京:中国文联出版社,2015
    214页;23cm
    
    
    ISBN 978-7-5059-9042-5:CNY32.00
    本书通过一些实际案例,介绍了一些简单有效的预防措施和自救办法,告诉孩子们如何应对危险事件,帮助孩子们理解可能发生危险的行为和状况,轻松掌握生活中的急救方法,做自己的“安全小卫士”。
●
相关链接 在E读中查询图书 在五车中查询图书 在当当中查询图书 在豆瓣中查询图书


正题名:宝贝,和妈妈约定不让自己受伤害     索取号:X925-49/46         预约/预借

序号 登录号 条形码 馆藏地/架位号 状态 备注
1 1158649   211586498   第二样本阅览室/ [索取号:X925-49/46] 在馆    
2 1158650   211586504   第三借阅区/ [索取号:X925-49/46] 在馆    
3 1158651   211586513   第三借阅区/ [索取号:X925-49/46] 在馆    
4 1158652   211586522   第三借阅区/ [索取号:X925-49/46] 在馆    
5 1158653   211586531   第三借阅区/ [索取号:X925-49/46] 在馆    
唐山师范学院图书馆 欢迎您!
大连网信软件有限公司© 版权所有